000 00707nam a2200253 i 4500
001 C2-0253089
003 PPAK
005 20180727220221.0
008 040115s1991 enka|||| ||||| | eng d
020 _a0861127463
040 _aPPAK
_beng
_cPPAK
_erda
082 0 4 _a823
_223
090 0 0 _a823
_bKIN
_dK
100 1 _aKincaid, Lucy,
_eauthor
245 1 0 _aFollow my leader
264 1 _aNewmarket, England :
_bBrimax Books ,
_c1991
300 _a29 pages :
_bcolour illustrations ;
_c30 cm
336 _2rdacontent
_atext
337 _2rdamedia
_aunmediated
338 _2rdacarrier
_avolume
650 1 0 _aChildren's stories, English
700 1 _aCampbell-Todd, Deborah,
_eeditor
942 _ddc
_cB
999 _c66015
_d66015